| 000 | 00556nam a22001697a 4500 | ||
|---|---|---|---|
| 008 | 230627b |||||||| |||| 00| 0 eng d | ||
| 040 |
_aNational Science Library _cNational Science Library |
||
| 080 |
_a622.12 _bn5 |
||
| 100 |
_aSoni, P _912421 |
||
| 245 |
_aSurface mined lands problems and prospects: _bA report on Eco-restoration of rock phosphate mined |
||
| 260 |
_aDehra Dun: _bDivision of Forest Ecology and Environment, _c1992 |
||
| 300 | _a29p. | ||
| 650 | _aScience | ||
| 653 | _aMined | ||
| 700 | _aVasistha, H B | ||
| 942 |
_2udc _cREP |
||
| 999 |
_c47921 _d47921 |
||